1686 1449 1054 1213 1481 1192 1331 1218 1974 1049 1859 1545 1498 1824 1950 1292 1015 1762 1895 1830 1725 1287 1501 1009 1000 1840 1631 1156 1124 1851 1391 1709 1883 1476 1445 1153 1327 1225 1946 1302 1294 1805 1526 1054 1941 1724 1047 1738 1903 1708 1519 1517 1302 1675 1977 1194 1118 1196 1961 1294 1155 1232 1449 1132 1183 1699 1703 1549 1958 1253 1200 1204 1447 1964 1651 1308 1274 1008 1510 1075 1982 1395 1991 1689 1167 1882 1390 1687 1487 1244 1907 1944 1091 1905 1091 1295 1755 1757 1635 BCNSPRNW ULIB Ver.6.0+V

เปลี่ยนเป็นภาษาไทย

Change to English
 แสดงรายละเอียดบรรณานุกรม
  กลับหน้าหลัก

Brief Record : Get Marc (ISO 2709) : E-mail record : QR code < ปิดหน้าต่าง
LEADER : 00000nam 2200000uu 4500
001    13399126397
003     ULIB
008    020711s2018 th a 000 0 eng d
020    ^a9780323400671
060    ^aWP145^bD536C
100     ^aPhilip J. DiSaia & William T. Creasman & Robert S Mannell & Scott McMeekin & David G Mutch
245    ^aClinical Gynecologic Oncology
250    ^a9th ed
260    ^aPhiladelphia :^bElsevier,^c2018
300    ^a631 pages;^b30 cm
650    ^aGential Neoplasms,Female
945    ^p5091^l0^i004621
999    ^aประนอม เกษจรัล
รายการนี้ยังไม่มีแท็ก
คุณยังไม่ได้ล็อกอิน คุณสามารถมีกิจกรรมร่วมกับเว็บไซต์ได้ แต่ต้องล็อกอินก่อน ::
  ล็อกอิน

รายการสื่อสารสนเทศ

ลำดับที่ ประเภท เลขเรียก/บาร์โค้ด สถานที่ สถานะ
1. วิทยาศาสตร์การแพทย์ และสุขภาพ
หนังสือสำรอง
สถานะ=หนังสือสำรอง
WP145 D536C ฉ.1 
  Barcode: 004621
ห้องสมุดวิทยาเขตสวรรค์ประชารักษ์
►หนังสือทั่วไป
บนชั้น

รายการใกล้เคียง
    ชื่อเรื่อง [Clinical Gynecologic Oncology]

    ผู้แต่ง [Philip J. DiSaia & William T. Creasman & Robert S Mannell & Scott McMeekin & David G Mutch]

    หัวเรื่อง [Gential Neoplasms,Female]

BibComment


ยังไม่เคยถูกคอมเมนท์

คอมเมนท์ทรัพยากรรายการนี้
  คอมเมนท์: Clinical Gynecol..


 Copyright 2026. Bcnsprnw @Library